000 00655nam a2200205Ia 4500
003 OSt
005 20250519114443.0
008 210210b1981 xxu||||| |||| 00| 0 eng d
040 _cAL
041 _aKannada
082 _aK894.308 NIRV
100 _aNIRANJANA, Ed.
_dನಿರಂಜನ
_9210334
245 _aVishva katha kosha. S3-kadinalli beladingalu.
_bವಿಶ್ವ ಕಥಾ ಕೋಶ ಸಂ ೩- ಕಾಡಿನಲ್ಲಿ ಬೆಳದಿಂಗಳು
260 _aBangaluru
_bNavakarnataka Publikeshans
_c1981
300 _a255
650 _aKategalu
_9210335
690 _aKannada Fiction
_9210336
906 _a035169
942 _2ddc
_cBK
999 _c85816
_d85816